000 00264nam a2200109Ia 4500
008 190906s9999||||xx |||||||||||||| ||und||
100 _a Shirley Taylor
245 0 _aModel Business Letters
260 _aNew Jersey
_bPrentice Hall
_c1992
300 _a367
942 _cBK
999 _c6107
_d6107